The Sun Quiz - Statistics

General Stats
  • This quiz has been taken 34,816 times
    34,742 since last reset
  • The average score is 13 of 20
Answer Stats
Question Answer % Correct
What is the closest planet to the Sun? Mercury
98%
What country is known as the "Land of the Rising Sun"? Japan
83%
What type of star will it become in about 5 billion years? Red {Giant}
81%
What two elements comprise 98% of the sun's weight? Hydrogen
77%
What two elements comprise 98% of the sun's weight? Helium
74%
Who was the ancient Egyptian sun god? Ra
73%
What process powers the sun? Nuclear {Fusion}
72%
What type of star is the sun? Yellow {Dwarf}
72%
What is the term for a temporary dark area on the sun's surface? Sun{spot}
69%
What is the fourth state of matter which the sun is made of? Plasma
68%
What model places the Sun at the center of the solar system? {Helio}centrism
65%
What is the name of the sudden flash of increased brightness that happens in the sun? Solar {Flare}
64%
What French king was called the "Sun King"? Louis XIV
63%
In what religion is the Sun worshipped as the god Surya? Hinduism
55%
What is the name of the outermost layer of the sun, Latin for "crown"? Corona
54%
What astronomer postulated that model in 1543? Nicolaus Copernicus
52%
What is the name for the time when the sun shines directly over the earth's equator? Equinox
51%
What is the term for the distance between the Earth and the Sun? {Astronomical} Unit
49%
What is the opposite of the above, when the sun is furthest from the equator? Solstice
46%
What is the nearest other star to the sun? Proxima Centauri
45%
No matching quizzes found
Score Distribution
Percent of People with Each Score
Percentile by Number Answered
Your Score History
You have not taken this quiz since the last reset